Drapeaux du monde - 20% supérieurs - Statistiques

Statistiques générales
  • Ce quiz a été pris 33 fois
  • Le résultat moyen est 70 sur 196
Statistiques - réponses
Par images Réponse % Correct
États-Unis
100%
Australie
97%
Chine
97%
Corée du Sud
97%
Macédoine du Nord
97%
Royaume-Uni
97%
Népal
93%
Grèce
90%
Islande
90%
Norvège
90%
Nouvelle-Zélande
90%
Suède
90%
Finlande
86%
Géorgie
86%
Danemark
83%
Malte
83%
Bosnie-Herzégovine
72%
Canada
72%
Fidji
72%
Belgique
69%
France
69%
Italie
69%
Jamaïque
69%
Malawi
69%
Oman
69%
Tonga
69%
Barbade
66%
Irlande
66%
Pérou
66%
Sri Lanka
66%
Uruguay
66%
Antigua-et-Barbuda
62%
Bangladesh
62%
Cameroun
62%
Côte d'Ivoire
62%
Liberia
62%
Nigeria
62%
Roumanie
62%
Turkménistan
62%
Tuvalu
62%
Zambie
62%
Andorre
59%
Dominique
59%
Grenade
59%
Guatemala
59%
Mongolie
59%
République démocratique du Congo
59%
République dominicaine
59%
Samoa
59%
Seychelles
59%
Singapour
59%
Taïwan
59%
Tchad
59%
Bhoutan
55%
Burundi
55%
Kiribati
55%
Malaisie
55%
Mali
55%
Mexique
55%
Moldavie
55%
Ouzbékistan
55%
Papouasie-Nouvelle-Guinée
55%
Qatar
55%
République Centrafricaine
55%
Trinité-et-Tobago
55%
Vatican
55%
Brésil
52%
République du Congo
52%
Sénégal
52%
Suisse
52%
Afrique du Sud
48%
Algérie
48%
Bahamas
48%
Guinée
48%
Guyana
48%
Îles Marshall
48%
Namibie
48%
Tanzanie
48%
Timor oriental
48%
Bahreïn
45%
Biélorussie
45%
Chili
45%
Monténégro
45%
Pakistan
45%
Philippines
45%
Portugal
45%
Salomon
45%
Chypre
41%
Saint-Vincent-et-les-Grenadines
41%
Zimbabwe
41%
Bénin
38%
Liechtenstein
38%
Vanuatu
38%
Éthiopie
34%
Kazakhstan
34%
République tchèque
34%
Rwanda
34%
Albanie
31%
Togo
31%
Érythrée
28%
Micronésie
28%
Saint-Christophe-et-Niévès
28%
Djibouti
24%
Guinée équatoriale
24%
Niger
24%
Panama
24%
Croatie
21%
Cuba
21%
Inde
21%
Israël
21%
Kosovo
21%
Madagascar
21%
Serbie
21%
Brunei
17%
Guinée-Bissau
17%
Indonésie
17%
Argentine
14%
Birmanie
14%
Colombie
14%
Koweït
14%
Lettonie
14%
Monaco
14%
Mozambique
14%
Nicaragua
14%
Pays-Bas
14%
Russie
14%
Venezuela
14%
Afghanistan
10%
Arabie Saoudite
10%
Autriche
10%
Belize
10%
Comores
10%
Équateur
10%
Hongrie
10%
Japon
10%
Jordanie
10%
Kenya
10%
Lesotho
10%
Maroc
10%
Maurice
10%
Ouganda
10%
Pologne
10%
Sainte-Lucie
10%
Saint-Marin
10%
Salvador
10%
Somalie
10%
Soudan du Sud
10%
Tadjikistan
10%
Tunisie
10%
Turquie
10%
Allemagne
7%
Angola
7%
Arménie
7%
Azerbaïdjan
7%
Botswana
7%
Bulgarie
7%
Cap-Vert
7%
Corée du Nord
7%
Costa Rica
7%
Égypte
7%
Espagne
7%
Estonie
7%
Eswatini
7%
Gabon
7%
Gambie
7%
Honduras
7%
Irak
7%
Kirghizistan
7%
Laos
7%
Liban
7%
Libye
7%
Lituanie
7%
Luxembourg
7%
Maldives
7%
Mauritanie
7%
Nauru
7%
Palaos
7%
Paraguay
7%
Slovénie
7%
Suriname
7%
Syrie
7%
Thaïlande
7%
Ukraine
7%
Viêt Nam
7%
Yémen
7%
Bolivie
3%
Burkina Faso
3%
Cambodge
3%
Émirats arabes unis
3%
Ghana
3%
Haïti
3%
Iran
3%
Sao Tomé-et-Principe
3%
Sierra Leone
3%
Slovaquie
3%
Soudan
3%
Aucun quiz correspondant
Distribution des résultats
% des personnes avec chaque résultat
Percentile par nombre de réponses
Votre historique - résultats
Vous n’avez pas pris ce quiz